01581 a2200313 4500003000500000005001700005010001600022020001700038040000900055082001500064100002800079245012100107250002600228260004500254300003400299505017500333650002200508650002200530650002100552650003000573650004200603856008900645942001200734999001900746952012400765952012400889952012701013952012701140Nust20230130133725.0 a 88040123 a0679720197 : cNust00a909.82,KEN1 aKennedy, Paul M.,9149514aThe rise and fall of the great powers :beconomic change and military conflict from 1500 to 2000 /cby Paul Kennedy. a1st Vintage Books ed. aNew York :bVintage Books,c1989, c1987. axxv, 677 p. :bmaps ;c21 cm. aStrategy and Economics in the Preindustrial World (Page-3), Strategy and Economics in the Industrial Era (Page-183), Strategy and Economics Today and Tomorrow (Page-447). 0aBalance of power. 0aEconomic history. 0aHistory, Modern. 0aMilitary history, Modern. 0aMilitary readinessxEconomic aspects.423Publisher descriptionuhttp://www.loc.gov/catdir/description/random042/88040123.html 2ddccBK c185822d185822 00102ddc4070aMCSbMCScGENd2016-12-12o909.82,KENpMCS32863r2016-12-08w2016-12-12yBKzAlmirah No.58, Shelf No.5 00102ddc4070aMCSbMCScGENd2016-12-12o909.82,KENpMCS36775r2016-12-08w2016-12-12yBKzAlmirah No.58, Shelf No.5 00102ddc4070aMCSbMCScGENd2023-01-30l0o909.82,KENpMCS21633r2023-01-30w2023-01-30yBKzAlmirah No.58, Shelf No.5 00102ddc4070aMCSbMCScGENd2023-01-30l0o909.82,KENpMCS27668r2023-01-30w2023-01-30yBKzAlmirah No.58, Shelf No.5